000 00307nam a2200121Ia 4500
008 240624s9999 xx 000 0 und d
041 _aeng
082 _a658.401 HUD
100 _aHUDSON KEN
245 _aIDEA GENERATOR TOOLS FOR BUSINESS GROWTH
260 _c2008
_aAustralia
_bViva Books
365 _cRS
_b27
999 _c15437
_d15437